Statistiken für Länder Mit 4 Buchstaben

Klicken Sie hier um das Quiz zu spielen!

Allgemein

  • Dieses Quiz wurde 863 mal gespielt
  • Das Durchschnittsergebnis liegt bei 6 aus 8

Antwortstatistiken

Antwort% Korrekt
Peru
81%
Togo
81%
Irak
80%
Iran
80%
Laos
77%
Mali
74%
Kuba
73%
Oman
71%

Verteilung der Resultate

Perzentil nach korrekt beantworteten Fragen

Anzahl Personen mit jedem Resultat

Ihre Resultats-Entwicklung

Sie haben dieses Quiz noch nicht gespielt